00289nam a2200121Ia 4500008004100000041000900041082001800050100002200068245003100090260003000121300000800151650000800159230718s9999 xx 000 0 und d aEng. aKE 246bSUO-G aSuomakarh, Dr. Ch 0aGuide to legal Abbravation aPakistanbNew Dehlic2014 a180 aLaw